000 00835nam a22002057a 4500
999 _c10246
_d10246
003 AR-CdUCM
008 190329b ||||| |||| 00| 0 spa d
040 _aMUNICIPALIDAD PROVINCIAL DEL CUSCO
_cBIBLIOTECA MUNICIPAL DEL CUSCO
082 _a869.33 /
_bUN56 H / 1960
100 _aUndurraga, Antonio de,
_926982
245 _aHay levadura en las columnas :
_btestimonios de poesía convivencial, 1946-1951 /
260 _aBogota :
_bEds. de la Revista Caballo de Fuego,
_c1960.
300 _a70 paginas ;
_c 24 cm.
505 _aContenido : Poesía de hoy : poesía convivencional -- Carta aérea a las gaviotas de Chile -- Tengo el habla Fértil -- El nuevo mundo -- Sonata de la peluquería...
650 _aPoesía
_9444
650 _aLiterata Chilena
_926983
650 _aSiglo XX
_98
942 _2ddc
_cLIBROS
945 _awnts